| 000 | 00426nam a2200145Ia 4500 | ||
|---|---|---|---|
| 008 | 211109s9999||||xx |||||||||||||| ||und|| | ||
| 082 |
_a894.8121 _bNEL-B |
||
| 100 | _aNellikkal Muraleedharan, | ||
| 245 | 0 | _aBodhisathwatinte Jamengal | |
| 260 |
_bD C Books _aKottayam _c1900 |
||
| 300 | _a76p. | ||
| 630 | _xGeneral stack | ||
| 650 |
_aMalayalam lietarature _vMalayalam poetry _xLiterature & rhetoricGeneralia |
||
| 942 | _cBOOK | ||
| 999 |
_c50228 _d50228 |
||